Inventario dos : poesía completa (1986-1991) /
Guardado en:
| Autor Principal: | |
|---|---|
| Formato: | Libro |
| Publicado: |
Buenos Aires :
Sudamericana,
2000
|
| Series: | Biblioteca Mario Benedetti
|
| Materias: | |
| Etiquetas: |
Agregar Etiqueta
Sin Etiquetas, Sea el primero en etiquetar este registro!
|
| LEADER | 01142nam a22002295a 4500 | ||
|---|---|---|---|
| 001 | CEM.cems010682 | ||
| 005 | 20080428125851.0 | ||
| 008 | 130507s2000##################000#0#####d | ||
| 003 | CEMS | ||
| 020 | |a 9507310924 | ||
| 082 | 0 | 4 | |a U861.4 |
| 100 | 1 | |a Benedetti, Mario | |
| 245 | 1 | 0 | |a Inventario dos : |b poesía completa (1986-1991) / |c Mario Benedetti |
| 260 | |a Buenos Aires : |b Sudamericana, |c 2000 | ||
| 300 | |a 454 p. | ||
| 490 | 0 | |a Biblioteca Mario Benedetti | |
| 505 | 0 | |a Las soledades de Babel (1991) -- Aquí lejos -- Babel -- Tréboles -- Saturaciones y terapias -- Caracol del sueño -- Praxis del fulano -- Despistes y franquezas (1990) -- Yesterday y mañana (1988) -- Todo el tiempo -- Entresueños -- Sucede -- Ciudad huella -- Viñetas de mi viñedo -- Cuore -- Preguntas al azar (1986) -- Espectativas -- Rescates -- País despúes -- La nariz contra el vidrio -- La vida ese paréntesis -- Lugares -- Odres objetos -- El sur también existe -- Final | |
| 653 | |a Literatura | ||
| 653 | |a Literatura uruguaya | ||
| 653 | |a Poesía | ||
| 653 | |a Poesía uruguaya | ||
| 859 | |a CEMS |b BIB. CEMS - 11 de abril |h U861.4 |i B434 |p 21313.01 |t Ej.1 |v 2 |3 2 | ||
